Pofil časopis Vysoké vojenské školy pozemního vojska Vyškov

Bibliographic Details
Format: Serial
Language:Czech
PhysicalDescription:14 zv. 30 cm
Published: Vyškov [S.l.] VVŠ PV Vysoká vojenská škola PV viz VVŠ PV 1990-2003
ISSN:1211-9695
Subjects:

MARC

LEADER 00000cas a2200000 a 4500
001 vtls001375032
003 SK-MaSNL
005 20260228155810.0
008 991019d19902003xr x 0 0 0cze c
022 |a 1211-9695 
035 |a SNK000328929 
040 |a SNK  |b slo  |c SNK  |e AACR2 
072 7 |a 355/359  |x Vojenstvo. Obrana krajiny. Ozbrojené sily  |2 konspekt 
080 |a 355/359  |2 2011 
080 |a (051)  |2 2011 
080 |a 050  |2 2011 
210 0 |a Profil  |b (Vyškov) 
222 0 |a Profil  |b Vyškov 
245 0 0 |a Pofil  |b časopis Vysoké vojenské školy pozemního vojska Vyškov 
246 1 4 |a P[postřehy] R[rozhovory] O[ohlasy] F[fakta] I[informace] L[listárna] 
260 |a Vyškov  |b VVŠ PV  |a [S.l.]  |b Vysoká vojenská škola PV viz VVŠ PV  |c 1990-2003 
300 |a 14 zv.  |c 30 cm 
310 |a Nepravidelne 
362 0 |a Roč. 1, č. 1 (1990)-roč. 14, č. závěrečné (2003) 
500 |a Podnázov od r. 2002: postřehy - rozhovory - ohlasy - fakta - informace - listárna 
500 |a Podnázov do r. 1994: časopis Vysoké vojenské školy pozemního vojska a Školícího a výcvikového střediska pozemního vojska Vyškov 
500 |a Podnázov od r. 2002: časopis Vysoké vojenské školy pozemního vojska ve Vyškově 
650 0 7 |a vojenstvo  |2 SNKPH  |9 22591 
655 7 |a časopisy  |2 SNKPH  |9 76610 
910 |a snk 
999 |c 623  |d 623 
952 |0 0  |1 1  |4 0  |7 0  |a SNK  |b SNK  |d 1999-10-19  |l 0  |o snkČB 5442/3/1992  |p 17A0215113  |r 2005-01-02 00:00:00  |t č. 1-15  |w 2026-02-21  |y PREZ